Meghalt Hegedűs András

Elmentve itt :
Bibliográfiai részletek
Dokumentumtípus: Cikk
Megjelent: 1975-02-16
Sorozat:Délmagyarország 65 No. 40
Kulcsszavak:Hegedüs András
Online Access:http://dmarchiv.bibl.u-szeged.hu/94598
LEADER 00395nab a2200145 i 4500
001 delm94598
005 20190426083312.0
008 190426s1975 hu o 0|| hun d
040 |a SZTE Délmagyarország Archívum  |b hun 
041 |a hun 
245 0 0 |a Meghalt Hegedűs András  |h [elektronikus dokumentum] 
260 |c 1975-02-16 
300 |a 8 
490 0 |a Délmagyarország  |v 65 No. 40 
695 |a Hegedüs András